[Event "CAN-ch U16"]
[Site "Sault Ste Marie"]
[Date "2017.07.06"]
[Round "2.17"]
[White "Liang, Hairan"]
[Black "Wu, Chenxi"]
[Result "1-0"]
[WhiteElo "2186"]
[BlackElo "1904"]
[PlyCount "55"]
[EventDate "2017.07.06"]
[EventType "swiss"]
[EventRounds "7"]
[EventCountry "CAN"]
[SourceTitle "EXT 2022"]
[Source "ChessBase"]
[SourceDate "2021.10.06"]
[SourceVersion "1"]
[SourceVersionDate "2021.10.06"]
[SourceQuality "1"]

1. e4 c5 2. Nf3 d6 3. Bb5+ Bd7 4. Bxd7+ Nxd7 5. c4 g6 6. d4 cxd4 7. Nxd4 Bg7 8. 0-0 Ngf6 9. Nc3 0-0 10. Be3 Nc5 11. f3 a6 12. Rc1 Rc8 13. Qe2 Qd7 14. b3 Rfd8 15. Rfd1 Qc7 16. Kh1 Re8 17. Bg5 e6 18. Qe3 Qb8 19. Nc2 Ncd7 20. Qd2 d5 21. exd5 exd5 22. Nxd5 Nxd5 23. Qxd5 Rc5 24. Qd2 Ne5 25. Nb4 Qc8 26. Nd5 Qf5 27. Ne7+ Rxe7 28. Bxe7 1-0

[Event "Windsor NAYCC U14"]
[Site "Windsor"]
[Date "2016.08.11"]
[Round "8.65"]
[White "Liang, Hairan"]
[Black "Pulfer, Luke"]
[Result "1/2-1/2"]
[WhiteElo "2002"]
[BlackElo "1868"]
[PlyCount "70"]
[EventDate "2016.08.07"]
[EventType "swiss"]
[EventRounds "9"]
[EventCountry "CAN"]
[SourceTitle "EXT 2022"]
[Source "ChessBase"]
[SourceDate "2021.10.06"]
[SourceVersion "1"]
[SourceVersionDate "2021.10.06"]
[SourceQuality "1"]

1. e4 e5 2. Nf3 Nc6 3. Bc4 Nf6 4. d3 Bc5 5. c3 0-0 6. 0-0 d5 7. exd5 Nxd5 8. Re1 Bg4 9. h3 Bh5 10. Nbd2 Nb6 11. b4 Bd6 12. Bb3 Bg6 13. Ne4 h6 14. Nc5 Bxc5 15. bxc5 Nd5 16. Nxe5 Nxe5 17. Rxe5 Nxc3 18. Qe1 Nb5 19. a4 Nd4 20. Rd5 Qf6 21. Bb2 Nf3+ 22. gxf3 Qxb2 23. Bc4 Qf6 24. Re5 Qxf3 25. Qe3 Qxe3 26. fxe3 Rfe8 27. Rxe8+ Rxe8 28. Kf2 b6 29. a5 Kf8 30. axb6 axb6 31. cxb6 cxb6 32. Ra7 Re7 33. Ra8+ Re8 34. Ra7 Rb8 35. Bb5 Bf5 1/2-1/2

[Event "Windsor NAYCC U14"]
[Site "Windsor"]
[Date "2016.08.10"]
[Round "7.69"]
[White "Zhang, Zhehai"]
[Black "Liang, Hairan"]
[Result "0-1"]
[WhiteElo "1678"]
[BlackElo "2002"]
[PlyCount "124"]
[EventDate "2016.08.07"]
[EventType "swiss"]
[EventRounds "9"]
[EventCountry "CAN"]
[SourceTitle "EXT 2022"]
[Source "ChessBase"]
[SourceDate "2021.10.06"]
[SourceVersion "1"]
[SourceVersionDate "2021.10.06"]
[SourceQuality "1"]

1. e4 c5 2. Nf3 Nc6 3. d4 cxd4 4. Nxd4 g6 5. Nc3 Bg7 6. Be3 Nf6 7. Be2 0-0 8. 0-0 d5 9. exd5 Nxd5 10. Nxd5 Qxd5 11. Bf3 Qa5 12. Nb3 Qc7 13. c3 Ne5 14. Bf4 Nxf3+ 15. Qxf3 e5 16. Bg3 Be6 17. Rfe1 f6 18. Qe3 Rfe8 19. f4 Bxb3 20. axb3 exf4 21. Bxf4 Rxe3 22. Bxc7 Rxe1+ 23. Rxe1 Kf7 24. Bd6 Re8 25. Rxe8 Kxe8 26. Bc5 a6 27. Bd4 Kf7 28. Kf2 f5 29. Be3 Bf6 30. Ke2 g5 31. g3 h5 32. Kd3 Ke6 33. Kc4 Kd6 34. Bc5+ Kc6 35. Be3 g4 36. Bf4 h4 37. Kd3 h3 38. Kc4 Be7 39. Kd4 Bd6 40. Bxd6 Kxd6 41. Ke3 Ke5 42. b4 Ke6 43. Kf4 Kf6 44. b3 Ke6 45. c4 Kf6 46. b5 axb5 47. cxb5 Ke6 48. b4 b6 49. Ke3 Ke5 50. Ke2 Kd4 51. Kf2 Kd3 52. Kf1 Ke3 53. Kg1 Ke2 54. Kh1 Kd3 55. Kg1 Kc4 56. Kf2 Kxb5 57. Ke3 Kxb4 58. Kf4 Kc5 59. Kxf5 b5 60. Kxg4 b4 61. Kf3 b3 62. g4 b2 0-1

[Event "Windsor NAYCC U14"]
[Site "Windsor"]
[Date "2016.08.09"]
[Round "4.73"]
[White "Liang, Hairan"]
[Black "Wilson, Kameron Tyler"]
[Result "1-0"]
[WhiteElo "2002"]
[BlackElo "1439"]
[PlyCount "73"]
[EventDate "2016.08.07"]
[EventType "swiss"]
[EventRounds "9"]
[EventCountry "CAN"]
[SourceTitle "EXT 2022"]
[Source "ChessBase"]
[SourceDate "2021.10.06"]
[SourceVersion "1"]
[SourceVersionDate "2021.10.06"]
[SourceQuality "1"]

1. e4 e6 2. d4 d5 3. Nd2 c5 4. exd5 exd5 5. Ngf3 Nc6 6. Bb5 a6 7. Bxc6+ bxc6 8. 0-0 Be7 9. Re1 Bg4 10. h3 Bh5 11. dxc5 Nf6 12. Qe2 Ra7 13. Nb3 0-0 14. Nbd4 Qc7 15. g4 Bxg4 16. hxg4 Nxg4 17. Ne5 Nxe5 18. Bf4 Qd7 19. Bxe5 Bxc5 20. Nb3 Bd6 21. Qf3 Bxe5 22. Rxe5 f6 23. Re2 Qf7 24. Rae1 Rb7 25. c3 f5 26. Nc5 Ra7 27. Ne6 Rc8 28. Nc5 Kh8 29. Re5 Qg6+ 30. Kf1 Rf7 31. Nd3 Rf6 32. Nf4 Qf7 33. Re7 Qg8 34. Qe3 Rff8 35. Kg2 g6 36. Qe5+ Qg7 37. Qxg7# 1-0

[Event "CAN-ch U14"]
[Site "Windsor"]
[Date "2016.07.07"]
[Round "4.21"]
[White "Bu, Kevin1111"]
[Black "Liang, Hairan"]
[Result "1/2-1/2"]
[WhiteElo "1916"]
[BlackElo "2182"]
[PlyCount "54"]
[EventDate "2016.07.05"]
[EventType "swiss"]
[EventRounds "7"]
[EventCountry "CAN"]
[SourceTitle "EXT 2022"]
[Source "ChessBase"]
[SourceDate "2021.10.06"]
[SourceVersion "1"]
[SourceVersionDate "2021.10.06"]
[SourceQuality "1"]

1. e4 c5 2. d3 g6 3. g3 Bg7 4. Bg2 d6 5. c3 e5 6. f4 Ne7 7. Nf3 Nbc6 8. Na3 0-0 9. 0-0 h6 10. Be3 Kh7 11. Qd2 exf4 12. gxf4 f5 13. Rae1 Be6 14. c4 Qd7 15. Kh1 Rh8 16. Nh4 Kg8 17. b3 Kf7 18. Nb5 a6 19. Nc3 Rag8 20. Nd5 Bd4 21. Qe2 Bxe3 22. Nxe3 Nd4 23. Qd1 Re8 24. exf5 Nexf5 25. Nexf5 Bxf5 26. Bd5+ Kf6 27. Be4 Re7 1/2-1/2